|
|
|
|
| LEADER |
00000nab a2200000 a 4500 |
| 001 |
vtls010723480 |
| 003 |
SK-MaSNL |
| 005 |
20260304193425.0 |
| 008 |
250709s2009 xo |||||||||||||||||slo| |
| 035 |
|
|
|a (urnnbn)urn:nbn:sk:snk:ar-a04ub3
|
| 035 |
|
|
|a (uuid)56b507c4-22c5-4d78-b4e0-dba4e197fe9c
|
| 035 |
|
|
|a urn:nbn:sk:snk-ab3nuq
|
| 040 |
|
|
|a SNKBUCL
|b slo
|c SNKBUCL
|e AACR2
|
| 041 |
0 |
|
|a eng
|
| 044 |
|
|
|a xo
|c SK
|
| 100 |
1 |
|
|a Kapustová, S.
|4 aut
|9 1527510
|
| 245 |
1 |
0 |
|a Heavy metals in the mountain streams
|c S. Kapustová
|
| 773 |
0 |
|
|t Oecologia Montana : international journal of mountain ecology
|g Roč. 18, č. 1-2 (2009), s. 27-30
|
| 850 |
|
|
|a Slovenská národná knižnica
|
| 852 |
|
|
|a Slovenská národná knižnica
|
| 954 |
|
|
|a odborná, vedecká literatúra pôvodná (slovenská)
|2 lita
|
| 958 |
|
|
|a article1
|
| 958 |
|
|
|a OND
|
| 958 |
|
|
|a EUIPO
|
| 999 |
|
|
|c 3066613
|d 3068543
|